Bytový dom

Na minha lista:
Detalhes bibliográficos
Autor principal: Kántor, Maximilián (Author)
Outros Autores: Funtík, Tomáš (Thesis advisor)
Formato: Manuscrito Livro
Idioma:eslovaco
Publicado em: 2025
Assuntos:
Acesso em linha:http://is.stuba.sk/zp/portal_zp.pl?podrobnosti=175824
CRZP
Tags: Adicionar Tag
Sem tags, seja o primeiro a adicionar uma tag!

MARC

LEADER 00000ntm a22000003a 4500
001 stuzp105362
003 SK-STU
005 20250725110321.4
007 ta
008 150427s2015----xo-----f-mn---000-0-slo-d
040 |a STU  |b slo 
041 0 |a slo 
100 1 |a Kántor, Maximilián  |u 010270  |4 aut  |U SvF Stavebná fakulta  |T SvF Katedra technológie stavieb  |X 121262  |U V270  |Y 28  |7 121262 
242 0 1 |a Residential House  |y eng 
245 1 0 |a Bytový dom 
260 |c 2025 
650 4 |a bytový dom  |2 slo 
650 4 |a monolitické steny  |2 slo 
650 4 |a projekt organizácie výstavby  |2 slo 
650 4 |a technológia stavieb  |2 slo 
650 4 |a technologický predpis  |2 slo 
650 4 |a apartment building  |2 eng 
650 4 |a monolithic walls  |2 eng 
650 4 |a project of organization of construction  |2 eng 
650 4 |a technology of constructions  |2 eng 
650 4 |a technological regulation  |2 eng 
700 1 |a Funtík, Tomáš  |u 010270  |k Z1  |4 ths  |U SvF Stavebná fakulta  |T SvF Katedra technológie stavieb  |X 22617  |U V270  |Y 28  |7 A000022617 
856 4 |u http://is.stuba.sk/zp/portal_zp.pl?podrobnosti=175824 
856 4 |u https://opac.crzp.sk/?fn=detailBiblioForm&sid=4013D2F8FE5692F459CD204F6B33  |z CRZP